000 01161nmc a2200373 a 4500
003 AR-BaBNM
005 20251128204151.0
008 275019s1986 ||||||||||||||000 | spa||
020 _a950-25-1428-9
040 _cAR-BaBNM
100 1 _aAlen Lascano, Luis C.
245 1 0 _aYrigoyenismo y antipersonalismo
_bsurgimiento en el gobierno de Alvear
260 _aBuenos Aires
_bCentro Editor de America Latina
_c1986
300 0 _a139 p.
490 0 _aBiblioteca política Argentina
_vv. 164
504 _aContiene: bibliografía
600 1 4 _aAlvear, Marcelo Torcuato de
_d1868-1942
600 1 4 _aYrigoyen, Hipólito
_d1852-1933
600 1 4 _aTorre, Lisandro de la
_d1868-1939
600 1 4 _aJusto, Juan Bautista
_d1865-1928
610 2 4 _aUnión Cívica Radical [Argentina]
650 4 _aHISTORIA POLITICA ARGENTINA
650 4 _aPARTIDOS POLITICOS ARGENTINOS
650 4 _aPRESIDENCIAS ARGENTINAS
650 4 _aCONSERVADURISMO
650 4 _aOPOSICION POLITICA
650 4 _aELECCIONES
650 4 _aMILITARISMO
650 4 _aSIGLO VEINTE
651 4 _aArgentina
800 1 _aTroncoso, Oscar
_edirector
942 _cBK
998 _cGrace
999 _c6451
_d6451